Up and coming countries Quiz Stats

 Plays Quiz not verified by Sporcle

Challenge
Share
Tweet
Embed
Score 0/15 Timer 05:00
0 Plays Today
% Correct
China
93.6%
India
91%
Brazil
85.3%
Russia
73.8%
Indonesia
73.1%
Mexico
72.1%
Pakistan
67.9%
Iran
67.5%
% Correct
South Korea
66.3%
Egypt
63.1%
Vietnam
61.3%
Turkey
59.7%
Nigeria
55.8%
Bangladesh
53%
The Philippines
49.1%

You're not logged in!

Compare scores with friends on all Sporcle quizzes.
Join for Free
OR
Log In

You Might Also Like...

Show Comments

Extras

Top Quizzes Today


Score Distribution

Your Account Isn't Verified!

In order to create a playlist on Sporcle, you need to verify the email address you used during registration. Go to your Sporcle Settings to finish the process.

Report this User

Report this user for behavior that violates our Community Guidelines.

Details: